Spoločenská zodpovednosť dodávateľsko-odberateľského reťazca potravín diplomová práca

Saved in:
Bibliographic Details
Main Author: Šurinčíková, Zuzana
Corporate Author: Obchodná fakulta EU. Katedra medzinárodného obchodu
Other Authors: Škorvagová, Simona
Format: Book
Language:Slovak
Published: Bratislava 2020
Tags: Add Tag
No Tags, Be the first to tag this record!

MARC

LEADER 00000nbm a2200000 4500
001 0266382
005 20201008083848.0
041 0 |a slo 
044 |a SK 
245 1 0 |a Spoločenská zodpovednosť dodávateľsko-odberateľského reťazca potravín  |b diplomová práca  |c Zuzana Šurinčíková ; školiteľ: Simona Škorvagová 
264 1 |a Bratislava  |c 2020 
300 |a 62 s. 
100 1 |a Šurinčíková, Zuzana 
700 1 |a Škorvagová, Simona 
710 2 |a Obchodná fakulta EU. Katedra medzinárodného obchodu